Datum a čas kvízu
27.5
Celkem bodů
Celkový počet nahraných bodů na tomto kvízu bez doplňovacích otázek.
5.
Pořadí na kvízu
Konečné umístění týmu na tomto kvízu.
Zaznamenané odpovědi
| # | Otázka | Odpověď | Body | Výsledky |
|---|---|---|---|---|
| 1. | Nečekané trable s cestou domů... | 1 | ||
| 2. | Ve středu byla odhalena nejvyš... | 1 | ||
| 3. | Někteří rockoví dinosauři žijí... | 0 | ||
| 4. | Americká společnost IBM minulý... | 0 | ||
| 5. | Jedna z největších legend svéh... | 1 | ||
| 6. | Pokud jste na titulní otázku o... | 1 | ||
| 7. | Americký herec Tobin Bell byl... | 1 | ||
| 5. | Nejúspěšnějším hororem, co do... | 0 | ||
| 5. | Jak se jmenuje představitel hl... | 1 | ||
| 10. | Shaun je hospodský povaleč, co... | 1 |